000 00798nam a2200217 i 4500
001 50739
003 ES-MaACL
005 20250825003421.0
007 t|
008 030806s1901 sp |||| | cat d
080 _a821.134.1-39"14"
245 0 0 _aCurial y Güelfa
_b: novela catalana del quinzen segle /
_cpublicada a depeses y per encarrech de la Real Academia de Buenas Letras per Antoni Rubió y Lluch.
246 3 3 _aCurial e Güelfa
260 _aBarcelona :
_b[s.n.,
_c1901] (
_fE. Redondo)
300 _aXVI, 531 p. ;
_c22 cm.
650 7 _aLibros de caballería españoles
_2embne
_914448
700 1 _aRubió i Lluch, Antoni,
_d1856-1937
_9162810
710 2 _aReial Acadèmia de Bones Lletres de Barcelona.
_9176228
852 _aES-MaACL
_jB-4886
999 _c50739
_d50739